|
|
|
|
| LEADER |
00000nam a2200000 4500 |
| 001 |
vtls011970051 |
| 003 |
SK-MaSNL |
| 005 |
20260301053226.0 |
| 008 |
251112s1791 gw f 000 0 ger |
| 015 |
|
|
|a SNBHFA1791
|
| 040 |
|
|
|a SNKHF
|b slo
|c SNKHF
|e rda
|
| 041 |
0 |
|
|a ger
|
| 044 |
|
|
|a gw
|c DE
|
| 072 |
|
7 |
|a 2
|x Náboženstvo
|2 konspektt
|
| 080 |
|
|
|a 2‑1
|2 2011
|
| 080 |
|
|
|a 2‑21
|2 2011
|
| 080 |
|
|
|a 17
|2 2011
|
| 100 |
1 |
|
|a Bahrdt, Carl Friedrich,
|d 1741-1792
|4 aut
|9 274927
|
| 245 |
1 |
0 |
|a System der moralischen Religion zur endlichen Beruhigung fủr Zweifler und Denker
|b Allen Christen und Nichtchristen lesbar
|n Zweiter Tzeil. Dritte Auflage
|c von D. Carl Friedrich Bahrdt
|
| 264 |
|
3 |
|a Berlin
|b bei Friedrich Vieweg den Alteren
|c 1791
|
| 300 |
|
|
|a 382 strán
|c 8°
|c 20 cm
|
| 336 |
|
|
|a text
|b txt
|2 rdacontent
|
| 337 |
|
|
|a bez média
|b n
|2 rdamedia
|
| 338 |
|
|
|a zväzok
|b nc
|2 rdacarrier
|
| 500 |
|
|
|a Vlys, linky
|
| 504 |
|
|
|a Marginálie, kustody
|
| 546 |
|
|
|a Nemčina
|b Fraktúra
|
| 561 |
|
|
|a Z knižnice Učenej spoločnosti malohontskej.
|5 SNK ID 103069
|
| 562 |
|
|
|a Rukopisné poznámky v nemčien na začiatku a na konci knihy.
|5 SNK ID 103069
|
| 563 |
|
|
|a Väzba: modro-sivá papierovo-kartónová lepenka, poškodená.
|5 SNK ID 103069
|
| 650 |
0 |
7 |
|a kresťanstvo
|2 SNKPH
|9 2024
|
| 650 |
0 |
7 |
|a náboženstvo
|2 SNKPH
|9 2023
|
| 650 |
0 |
7 |
|a morálka
|2 SNKPH
|9 795
|
| 700 |
1 |
|
|a Vieweg, Friedrich,
|d 1761-1835
|4 prt
|9 363348
|
| 710 |
2 |
|
|a Učená spoločnosť malohontská
|4 fmo
|9 205374
|
| 710 |
0 |
|
|a Vieweg, Friedrich (Berlín, Nemecko
|4 prt
|9 363349
|
| 752 |
|
|
|a Nemecko
|d Berlín
|
| 852 |
|
|
|a snk
|b Historické fondy
|p ID 103069
|
| 958 |
|
|
|a DD
|
| 958 |
|
|
|a ONDV
|
| 999 |
|
|
|c 607815
|d 609745
|
| 952 |
|
|
|t MHC 1577
|a SNK
|b SNK
|c SNK_HF
|y PREZ
|7 0
|p 17A1357977
|o snkID 103069
|i snk2020/8776
|8 5
|0 0
|1 0
|4 0
|d 2020-05-28
|l 0
|r 2026-02-23 16:14:02
|w 2026-02-23
|